[Event "Moscow op-F 13th"]
[Site "Moscow"]
[Date "2017.02.04"]
[Round "9"]
[White "Vasilyev, Vasily"]
[Black "Berezhkov, Andrey"]
[Result "1-0"]
[WhiteElo "2320"]
[BlackElo "2049"]
[PlyCount "61"]
[EventDate "2017.01.27"]
[EventType "swiss"]
[EventRounds "9"]
[EventCountry "RUS"]
[SourceTitle "CBM 176 Extra"]
[Source "ChessBase"]
[SourceDate "2017.03.02"]
[SourceVersion "1"]
[SourceVersionDate "2017.03.02"]
[SourceQuality "1"]

1. d4 d5 2. Nf3 e6 3. g3 c6 4. Bg2 Bd6 5. 0-0 f5 6. c4 Nf6 7. Bf4 Bxf4 8. gxf4 0-0 9. Ne5 Nbd7 10. Nd2 Ne4 11. Ndf3 Kh8 12. c5 g5 13. fxg5 Nxg5 14. Kh1 Ne4 15. Nxd7 Bxd7 16. Ne5 Nf6 17. Bf3 Be8 18. Qd2 Nd7 19. Nd3 Qh4 20. Qe3 Bf7 21. Ne5 Nxe5 22. Qxe5+ Kg8 23. Rg1+ Bg6 24. Qxe6+ Kg7 25. Qe5+ Kg8 26. Rad1 Qxf2 27. Bh5 Rae8 28. Qd6 Re4 29. Bxg6 Rg4 30. Bxf5 Qxf5 31. Rxg4+ 1-0

[Event "Kimry-ch"]
[Site "Kimry"]
[Date "2016.01.04"]
[Round "5"]
[White "Berezhkov, Andrey"]
[Black "Geshko, Aleksey"]
[Result "1/2-1/2"]
[WhiteElo "2056"]
[BlackElo "2043"]
[PlyCount "75"]
[EventDate "2016.01.02"]
[EventType "swiss"]
[EventRounds "9"]
[EventCountry "RUS"]
[SourceTitle "CBM 170 Extra"]
[Source "ChessBase"]
[SourceDate "2016.02.25"]
[SourceVersion "1"]
[SourceVersionDate "2016.02.25"]
[SourceQuality "1"]

1. e4 c5 2. Nc3 d6 3. Nge2 Nf6 4. g3 g6 5. Bg2 Bg7 6. 0-0 0-0 7. d3 Nc6 8. h3 Bd7 9. f4 Rb8 10. Be3 b5 11. Qd2 b4 12. Nd1 h5 13. f5 Kh7 14. Nf4 Ne5 15. Qe2 e6 16. fxg6+ fxg6 17. Nf2 Nf7 18. Kh2 Qe7 19. Bh1 Bc6 20. g4 g5 21. Nxh5 Nxh5 22. gxh5 Bxb2 23. Rab1 Be5+ 24. Kg1 Bf4 25. Bxf4 gxf4 26. Kh2 Rg8 27. Rg1 e5 28. Bf3 Bd7 29. Bg4 Nh6 30. Rg2 Rbf8 31. Qf3 Bxg4 32. Nxg4 Nxg4+ 33. Rxg4 Rxg4 34. hxg4 Qh4+ 35. Qh3 Qf2+ 36. Qg2 Qh4+ 37. Qh3 Qf2+ 38. Qg2 1/2-1/2